000 00975nam a2200289 a 4500
001 BRL_1883
005 20190320211421.0
008 120815s1980----mx-abo####---#000-0#spa-#
020 _a9688220051
041 _aspa
044 _amx
050 4 _aF1221.S43
_b.M34 1980
100 1 _aMcgee, William J.
_928134
245 1 0 _aLos seris Sonora, México
_cWilliam J. McGee ; traducción Celia Paschero.
260 _aMéxico
_bInstituto Nacional Indigenista
_c1980
300 _axxvi, 597 p.
_bil.
_c21 cm.
440 0 _aColección INI
_pClásicos de la Antropología
_vno.7
_928135
500 _aAu2065
500 _aTraducción de: The Seri indians of Bahia Kino and Sonora, Mexico.
504 _aBibliografía: p. 581-594
650 1 4 _aSeris
_xVida social y costumbres
_928136
650 1 4 _aSeris
_xCondiciones sociales
_928137
650 1 4 _aIndígenas de México
_zSonora (México)
_927355
700 1 _aPaschero, Celia
_etr.
_928138
902 _aGRL
942 _2lcc
_cB
999 _c10691
_d10691